Handbook of Pottery & Porcelain Marks (Record no. 277)

MARC details
000 -CABECERA
campo de control de longitud fija 00783nam a2200253 a 4500
001 - NÚMERO DE CONTROL
campo de control BRCA_340
005 - FECHA Y HORA DE LA ÚLTIMA TRANSACCIÓN
campo de control 20190320202951.0
008 - DATOS DE LONGITUD FIJA--INFORMACIÓN GENERAL
campo de control de longitud fija 840525s1980 enka 001 0 eng
020 ## - NÚMERO INTERNACIONAL ESTÁNDAR DEL LIBRO
Número Internacional Estándar del Libro 0571049222
040 ## - FUENTE DE LA CATALOGACIÓN
Centro catalogador/agencia de origen DLC
Centro/agencia transcriptor DLC
Centro/agencia modificador DLC
050 #4 - SIGNATURA TOPOGRÁFICA DE LA BIBLIOTECA DEL CONGRESO
Número de clasificación NK4215
Número de documento/Ítem .C97 1980
100 1# - ENTRADA PRINCIPAL--NOMBRE DE PERSONA
Nombre de persona Cushion, John Patrick
9 (RLIN) 1128
245 10 - MENCIÓN DE TÍTULO
Título Handbook of Pottery & Porcelain Marks
Mención de responsabilidad, etc. compiled by J.P. Cushion in collaboration with W.B. Honey
250 ## - MENCIÓN DE EDICIÓN
Mención de edición 4th ed. rev. and expanded
260 ## - PUBLICACIÓN, DISTRIBUCIÓN, ETC.
Lugar de publicación, distribución, etc. Londres
Nombre del editor, distribuidor, etc. Faber and Faber
Fecha de publicación, distribución, etc. 1980
300 ## - DESCRIPCIÓN FÍSICA
Extensión 272 p.
Otras características físicas il.
Dimensiones 26 cm.
500 ## - NOTA GENERAL
Nota general Incluye índice
500 ## - NOTA GENERAL
Nota general Donación Consejo Británico
650 14 - PUNTO DE ACCESO ADICIONAL DE MATERIA--TÉRMINO DE MATERIA
Término de materia o nombre geográfico como elemento de entrada Cerámica
Subdivisión general Marcas
9 (RLIN) 1129
650 14 - PUNTO DE ACCESO ADICIONAL DE MATERIA--TÉRMINO DE MATERIA
Término de materia o nombre geográfico como elemento de entrada Porcelana
Subdivisión general Marcas
9 (RLIN) 1130
700 1# - PUNTO DE ACCESO ADICIONAL--NOMBRE DE PERSONA
Nombre de persona Honey, W. B.
Fechas asociadas al nombre 1889-
Forma completa/desarrollada del nombre William Bowyer
9 (RLIN) 1131
902 ## - CATALOGADOR
Iniciales DCB
942 ## - ELEMENTOS DE PUNTO DE ACCESO ADICIONAL (KOHA)
Fuente del sistema de clasificación o colocación Library of Congress Classification
Tipo de ítem Koha Libros
Holdings
Estado de retiro Estado de pérdida Estado dañado No para préstamo Localización permanente Ubicación/localización actual Fecha de adquisición Total de préstamos Signatura topográfica completa Código de barras Fecha visto por última vez Precio válido a partir de Tipo de ítem Koha
El ejemplar forma parte de la colección y puede ser consultado según las políticas vigentes.       Biblioteca del Museo Franz Mayer (Rogerio Casas-Alatriste) Biblioteca del Museo Franz Mayer (Rogerio Casas-Alatriste) 25/06/2008   NK4215 .C97 1980 DCB00026 22/03/2019 22/03/2019 Libros